000 00218nam a2200097Ia 4500
008 191206s9999 xx 000 0 und d
020 _a19271717340
090 _aPT9816.078
245 4 _aTHE DOLL'S HOUSE
260 _cc1995
999 _c17050
_d17050